[Event "PRO League Group Stage"]
[Site "chess.com INT"]
[Date "2019.03.14"]
[Round "10"]
[White "Quparadze, Giga"]
[Black "Demidov, Mikhail"]
[Result "1-0"]
[WhiteTitle "GM"]
[BlackTitle "IM"]
[WhiteElo "2493"]
[BlackElo "2520"]
[WhiteTeam "Tbilisi Gentlemen"]
[BlackTeam "Moscow Phoenix"]
[WhiteFideId "13602250"]
[BlackFideId "4197143"]
[EventDate "2019.01.08"]

1. e4 Nf6 2. e5 Nd5 3. Nf3 d6 4. d4 Nb6 5. Be2 g6 6. O-O Bg7 7. a4 a5 8. Bf4 O-O
9. Nc3 Nc6 10. h3 Bf5 11. exd6 exd6 12. Qd2 Nb4 13. Rac1 Re8 14. Rfe1 Qd7 15. b3
Re7 16. Bg5 f6 17. Be3 Be6 18. Bf4 Rae8 19. Nb5 Bf7 20. c3 Nc6 21. c4 Nc8 22. d5
Nb4 23. Nfd4 Na6 24. Bf3 Rxe1+ 25. Rxe1 Rxe1+ 26. Qxe1 b6 27. Ne6 Ne7 28. Bg4 f5
29. Bf3 Bf6 30. Qe3 Bxe6 31. dxe6 Qd8 32. Bg5 Bxg5 33. Qxg5 Nc5 34. Nd4 Qf8 35.
Bd5 Kg7 36. Qe3 Qf6 37. f4 c6 38. Bf3 Kf8 39. Kh2 h5 40. g3 Kg7 41. Kg2 Kf8 42.
Kf1 Kg7 43. Ke2 Kf8 44. g4 hxg4 45. hxg4 fxg4 46. Bxg4 d5 47. Kf3 Qh4 48. Qg1
dxc4 49. bxc4 Nxa4 50. Qd1 Nc5 51. Ne2 Kg7 52. Qd8 Nf5 53. Qc7+ Qe7 54. Qe5+ Qf6
55. Qc7+ Qe7 56. Qxb6 Nxe6 57. Bxf5 gxf5 58. Ng3 Qd7 59. Nxf5+ Kg6 60. Ne3 Kf6
61. Qb2+ Qd4 62. Ng4+ Ke7 63. Qb7+ Kd6 64. Qb8+ Kc5 65. Qa7+ Kxc4 66. Ne5+ Kb3
67. Qb8+ Ka2 68. f5 Qf4+ 69. Ke2 Qxf5 70. Nd3 Nd4+ 71. Ke3 Nc2+ 72. Kd2 Na3 73.
Qb2# 1-0

[Event "PRO League Group Stage"]
[Site "chess.com INT"]
[Date "2019.03.14"]
[Round "10"]
[White "Kuznetsov, Mikhail V."]
[Black "Volkov, Nika"]
[Result "0-1"]
[WhiteTitle "FM"]
[WhiteElo "2292"]
[BlackElo "2153"]
[WhiteTeam "Moscow Phoenix"]
[BlackTeam "Tbilisi Gentlemen"]
[WhiteFideId "4194900"]
[BlackFideId "13604376"]
[EventDate "2019.01.08"]

1. d4 e6 2. Nf3 d5 3. c4 c6 4. Nbd2 Nf6 5. g3 Be7 6. Bg2 O-O 7. O-O Nbd7 8. Qc2
b5 9. c5 e5 10. dxe5 Ng4 11. e4 Bxc5 12. Nb3 Bb6 13. Qxc6 Rb8 14. e6 Nde5 15.
Nxe5 Nxe5 16. exf7+ Rxf7 17. Qxd5 Qxd5 18. exd5 Nf3+ 19. Kh1 Bb7 20. Bf4 Rbf8
21. Bxf3 g5 22. Bh5 Bxd5+ 23. Kg1 Rxf4 24. gxf4 gxf4 25. Rad1 Ba8 26. Rd3 Be4
27. Rd6 Rf5 28. Bg4 Rg5 29. Rxb6 Rxg4# 0-1

[Event "PRO League Group Stage"]
[Site "chess.com INT"]
[Date "2019.03.14"]
[Round "10"]
[White "Vaibhav, Suri"]
[Black "Meshkovs, Nikita"]
[Result "0-1"]
[WhiteTitle "GM"]
[BlackTitle "GM"]
[WhiteElo "2590"]
[BlackElo "2557"]
[WhiteTeam "Delhi Dynamite"]
[BlackTeam "Estonia Horses"]
[WhiteFideId "5045185"]
[BlackFideId "11602740"]
[EventDate "2019.01.08"]

1. e4 e5 2. Nf3 Nc6 3. Bc4 Bc5 4. d3 Nf6 5. O-O d6 6. c3 O-O 7. a4 a5 8. Bg5 h6
9. Bh4 g5 10. Bg3 Bb6 11. Nbd2 Kh8 12. Bb3 Nh7 13. Nc4 f5 14. Nxb6 cxb6 15. exf5
Bxf5 16. h3 g4 17. Nh4 gxh3 18. Nxf5 Rxf5 19. Qg4 hxg2 20. Qxf5 gxf1=Q+ 21. Rxf1
Qf6 22. Qh5 Qg5 23. Qxg5 Nxg5 24. Kg2 Rf8 25. f4 Nh7 26. Bd5 Ne7 27. Bxb7 Nf5
28. Kh3 Kg7 29. Bh2 exf4 30. Bxf4 Ng5+ 31. Bxg5 hxg5 32. Re1 Rh8+ 33. Kg2 Rh4
34. d4 Rg4+ 35. Kf2 Rf4+ 36. Ke2 g4 37. Kd3 g3 38. Kc4 Rf2 39. b3 g2 40. Bxg2
Rxg2 41. Kb5 Rb2 42. Kc4 Kf7 43. Rh1 Ke6 44. d5+ Ke5 45. Re1+ Kf6 46. Re8 Rd2
47. Kb5 Rxd5+ 48. Kxb6 Rc5 49. b4 Rxc3 50. Kxa5 d5 51. b5 Nd6 52. Re1 d4 53. Kb6
d3 54. a5 d2 55. Rd1 Nc4+ 56. Kc5 Rc1 57. Rxd2 Nxd2+ 58. Kb4 Ke6 59. a6 Kd6 60.
Ka5 Kc5 0-1

[Event "PRO League Group Stage"]
[Site "chess.com INT"]
[Date "2019.03.14"]
[Round "10"]
[White "Ehlvest, Jaan"]
[Black "Nihal, Sarin"]
[Result "1/2-1/2"]
[WhiteTitle "GM"]
[BlackTitle "GM"]
[WhiteElo "2521"]
[BlackElo "2578"]
[WhiteTeam "Estonia Horses"]
[BlackTeam "Delhi Dynamite"]
[WhiteFideId "4500016"]
[BlackFideId "25092340"]
[EventDate "2019.01.08"]

1. e4 e5 2. Nf3 Nc6 3. Bb5 Nf6 4. Nc3 Nd4 5. Bc4 Bc5 6. d3 d6 7. Nxd4 Bxd4 8.
Bg5 c6 9. Bb3 h6 10. Bh4 b5 11. a4 g5 12. Bg3 Bg4 13. f3 Bd7 14. axb5 cxb5 15.
Ne2 Bb6 16. d4 Qe7 17. c3 O-O 18. O-O a5 19. Bf2 a4 20. Ba2 Rab8 21. Qd2 Rfd8
22. h4 Nh5 23. hxg5 hxg5 24. Be3 Nf4 25. g3 Nxe2+ 26. Qxe2 b4 27. Bd5 Be6 28.
Bxe6 Qxe6 29. Kg2 a3 30. cxb4 axb2 31. Qxb2 d5 32. exd5 Rxd5 33. Rae1 Bxd4 34.
Bxd4 Rxd4 35. Qxd4 exd4 36. Rxe6 fxe6 37. Rb1 1/2-1/2

[Event "PRO League Group Stage"]
[Site "chess.com INT"]
[Date "2019.03.14"]
[Round "10"]
[White "Hemant, Sharma2"]
[Black "Yakubboev, Nodirbek"]
[Result "0-1"]
[WhiteTitle "IM"]
[BlackTitle "IM"]
[WhiteElo "2377"]
[BlackElo "2569"]
[WhiteTeam "Delhi Dynamite"]
[BlackTeam "Estonia Horses"]
[WhiteFideId "5025842"]
[BlackFideId "14203987"]
[EventDate "2019.01.08"]

1. c4 Nf6 2. g3 e5 3. Bg2 h6 4. a3 c6 5. d4 exd4 6. Qxd4 d5 7. Nf3 dxc4 8. Qxd8+
Kxd8 9. O-O Bc5 10. Nbd2 Re8 11. Rd1 Nbd7 12. e3 b5 13. Nh4 Kc7 14. Nf5 Bf8 15.
b3 c3 16. Nf3 a5 17. N5d4 Bb7 18. Ne1 b4 19. a4 Rad8 20. Nec2 Nc5 21. Re1 Kb6
22. f3 Bc8 23. e4 Nd3 24. Rd1 Nxc1 25. Raxc1 Bc5 26. Kf1 Bxd4 27. Nxd4 c5 28.
Nc2 Be6 29. Na1 c4 30. bxc4 Bxc4+ 31. Kf2 Kc5 32. Bf1 g5 33. h3 h5 34. g4 hxg4
35. hxg4 Ng8 36. Ke3 Ne7 37. Rxd8 Rxd8 38. Rb1 Nc6 0-1

[Event "PRO League Group Stage"]
[Site "chess.com INT"]
[Date "2019.03.14"]
[Round "10"]
[White "Chukavin, Kirill"]
[Black "Manu, David Suthandram R"]
[Result "0-1"]
[WhiteTitle "FM"]
[WhiteElo "2307"]
[BlackElo "2252"]
[WhiteTeam "Estonia Horses"]
[BlackTeam "Delhi Dynamite"]
[WhiteFideId "4503023"]
[BlackFideId "35019562"]
[EventDate "2019.01.08"]

1. e4 c5 2. Nf3 Nc6 3. d4 cxd4 4. Nxd4 e5 5. Ne2 Nf6 6. Nbc3 Bb4 7. a3 Ba5 8. b4
Bb6 9. h3 h6 10. g3 a5 11. b5 Nd4 12. Bg2 O-O 13. Qd3 d5 14. O-O dxe4 15. Nxe4
Nxe4 16. Bxe4 Bxh3 17. Rd1 Bg4 18. Nxd4 Bxd1 19. Nf5 Qxd3 20. Bxd3 Bf3 21. Be3
Bxe3 22. Nxe3 Rac8 23. Re1 e4 24. Bf1 Rc5 25. c4 Rd8 26. Nd5 f5 27. a4 Kf7 28.
Bh3 Rxc4 29. Ne3 Rxa4 30. Nxf5 Rb4 31. Bf1 a4 32. Ne3 a3 33. Nc2 Ra4 34. Ra1 a2
35. Ne1 Rd1 0-1

[Event "PRO League Group Stage"]
[Site "chess.com INT"]
[Date "2019.03.14"]
[Round "10"]
[White "Tsydypov, Zhamsaran"]
[Black "Martirosyan, Haik M."]
[Result "1-0"]
[WhiteTitle "IM"]
[BlackTitle "GM"]
[WhiteElo "2545"]
[BlackElo "2607"]
[WhiteTeam "Moscow Wizards"]
[BlackTeam "Armenia Eagles"]
[WhiteFideId "4108566"]
[BlackFideId "13306553"]
[EventDate "2019.01.08"]

1. e4 e5 2. Nf3 Nc6 3. d4 exd4 4. Nxd4 Bc5 5. Nb3 Bb6 6. Nc3 a5 7. a4 Nge7 8.
Bg5 f6 9. Bh4 d6 10. Bc4 Ne5 11. Bb5+ Bd7 12. f4 N5g6 13. Bg3 f5 14. Qd3 O-O 15.
O-O-O fxe4 16. Nxe4 Bf5 17. Qe2 d5 18. Nec5 c6 19. Bd3 Qc8 20. Rde1 Bxd3 21.
Nxd3 Nf5 22. Nbc5 Bxc5 23. Nxc5 b6 24. Qe6+ Qxe6 25. Nxe6 Rf6 26. Bf2 Re8 27.
Ng5 Rb8 28. g4 Nh6 29. f5 Nf8 30. Bd4 Nxg4 31. Bxf6 Nxf6 32. Re7 d4 33. Rg1 Nd5
34. Ra7 Re8 35. Nf3 g6 36. Nxd4 c5 37. fxg6 hxg6 38. Nf5 Nf4 39. Ne7+ Kh8 40.
Rg4 Ne2+ 41. Kd1 Nd4 42. Rh4+ Kg7 43. Nd5+ Kg8 44. Nf6# 1-0

[Event "PRO League Group Stage"]
[Site "chess.com INT"]
[Date "2019.03.14"]
[Round "10"]
[White "Sargsyan, Shant"]
[Black "Anisimov, Pavel2"]
[Result "1/2-1/2"]
[WhiteTitle "IM"]
[BlackTitle "IM"]
[WhiteElo "2486"]
[BlackElo "2527"]
[WhiteTeam "Armenia Eagles"]
[BlackTeam "Moscow Wizards"]
[WhiteFideId "13306766"]
[BlackFideId "4135229"]
[EventDate "2019.01.08"]

1. e4 c5 2. Nf3 d6 3. Bb5+ Nc6 4. Bxc6+ bxc6 5. O-O Bg4 6. h3 Bxf3 7. Qxf3 e5 8.
c3 Nf6 9. Rd1 Be7 10. d4 cxd4 11. cxd4 exd4 12. Rxd4 Qb6 13. Rd1 O-O 14. Nc3
Rfe8 15. b3 Bf8 16. Bb2 Re6 17. Na4 Qb7 18. Bxf6 Rxf6 19. Qd3 Re8 20. Rac1 Rfe6
21. Rc4 g6 22. Qc2 d5 23. exd5 cxd5 24. Rcd4 Re1+ 25. Rxe1 Rxe1+ 26. Kh2 Bg7 27.
Rd1 Rxd1 28. Qxd1 d4 29. Qd3 Qc7+ 30. g3 h5 31. h4 Bf6 32. Kg2 Kg7 33. Nb2 Qc3
34. Qe2 Qc6+ 35. Kh2 Qc7 36. Kg2 Qc6+ 37. f3 Bd8 38. Nc4 Bc7 39. Qd3 Qd5 40. b4
Bb6 41. a4 Bc7 42. b5 Kh7 43. Kf2 Qc5 44. f4 Qb4 45. Qc2 d3 46. Qxd3 Qxa4 47.
Qd5 Qc2+ 48. Kf3 Qc3+ 49. Kg2 Kg7 1/2-1/2

[Event "PRO League Group Stage"]
[Site "chess.com INT"]
[Date "2019.03.14"]
[Round "10"]
[White "Skvortsov, Andrei"]
[Black "Manukian, Artak"]
[Result "0-1"]
[WhiteElo "2128"]
[BlackElo "2196"]
[WhiteTeam "Moscow Wizards"]
[BlackTeam "Armenia Eagles"]
[WhiteFideId "24108600"]
[BlackFideId "13301373"]
[EventDate "2019.01.08"]

1. e4 c6 2. d4 d5 3. e5 Bf5 4. h4 h5 5. Bg5 Qb6 6. Bd3 Bxd3 7. Qxd3 e6 8. Nd2 c5
9. c3 Nc6 10. Ngf3 Nh6 11. O-O Nf5 12. dxc5 Bxc5 13. b4 Be7 14. Nb3 Bxg5 15.
hxg5 g6 16. Nc5 Rd8 17. a4 O-O 18. Rfe1 d4 19. a5 Qc7 20. Ne4 a6 21. Qc4 Kg7 22.
Nc5 dxc3 23. Rac1 Rd5 24. Qxc3 Qe7 25. Re4 Rfd8 26. Nxb7 Rd1+ 27. Re1 Rxe1+ 28.
Nxe1 Ncd4 29. Qc7 Rd7 30. Qc4 Rxb7 31. Qxa6 Rxb4 32. Qd3 Ra4 33. a6 Qa7 34. Kh2
Qxa6 35. f4 Qxd3 36. Nxd3 Ne2 37. Rf1 Rd4 38. Rf3 h4 39. Kh1 Nfg3+ 40. Kh2 Nh5
41. Nf2 Rxf4 0-1

[Event "PRO League Group Stage"]
[Site "chess.com INT"]
[Date "2019.03.14"]
[Round "10"]
[White "Meshkovs, Nikita"]
[Black "Ghosh, Diptayan"]
[Result "1-0"]
[WhiteTitle "GM"]
[BlackTitle "GM"]
[WhiteElo "2557"]
[BlackElo "2544"]
[WhiteTeam "Estonia Horses"]
[BlackTeam "Mumbai Movers"]
[WhiteFideId "11602740"]
[BlackFideId "5045207"]
[EventDate "2019.01.08"]

1. d4 Nf6 2. c4 e6 3. Nf3 b6 4. g3 Ba6 5. b3 d5 6. cxd5 exd5 7. Bg2 Bb4+ 8. Bd2
Be7 9. O-O Kf8 10. Ne5 Bb7 11. Nc3 Nbd7 12. Rc1 a6 13. Qc2 Ba3 14. Rcd1 Bd6 15.
Bf4 Qe7 16. Qf5 Rd8 17. Rfe1 Qe6 18. Bh3 Qxf5 19. Bxf5 Nb8 20. Bg5 Be7 21. Rc1
h6 22. Bxf6 Bxf6 23. Na4 Bxe5 24. dxe5 Bc6 25. Rc2 g6 26. Bh3 Kg7 27. Rec1 Bxa4
28. bxa4 c6 29. Rb2 b5 30. axb5 axb5 31. a4 bxa4 32. Rb7 Rde8 33. e6 Rhf8 34.
Rc3 Kh8 35. e7 Rg8 36. Ra3 Kg7 37. Rxa4 f5 38. Rab4 Kf6 39. g4 Ke6 40. gxf5+
gxf5+ 41. Kf1 Nd7 42. Rh4 Nf6 43. Rxh6 Rxe7 44. Bxf5+ Kf7 45. Rxe7+ Kxe7 46. Rh3
c5 47. Re3+ Kf8 48. Re6 Kf7 49. Rc6 Rg5 50. Rc7+ Ke8 51. Bc8 c4 52. f4 Rh5 53.
Kg2 Kd8 54. Rc6 Ne4 55. Be6 Ke7 56. f5 Nc3 57. e3 Nd1 58. Kf3 Rh3+ 59. Kg4 Nf2+
60. Kf4 Nd3+ 61. Kg5 Ne5 62. f6+ 1-0

[Event "PRO League Group Stage"]
[Site "chess.com INT"]
[Date "2019.03.14"]
[Round "10"]
[White "Puranik, Abhimanyu"]
[Black "Ehlvest, Jaan"]
[Result "1/2-1/2"]
[WhiteTitle "GM"]
[BlackTitle "GM"]
[WhiteElo "2536"]
[BlackElo "2521"]
[WhiteTeam "Mumbai Movers"]
[BlackTeam "Estonia Horses"]
[WhiteFideId "5061245"]
[BlackFideId "4500016"]
[EventDate "2019.01.08"]

1. e4 e6 2. d4 d5 3. e5 b6 4. c3 Qd7 5. Nf3 Ba6 6. Nbd2 Ne7 7. Bxa6 Nxa6 8. O-O
c5 9. Re1 Rc8 10. Nf1 Nb8 11. dxc5 bxc5 12. Ne3 Nbc6 13. c4 d4 14. Nf1 Ng6 15.
Ng3 Be7 16. Qe2 O-O 17. Qe4 Rb8 18. h4 f5 19. exf6 Bxf6 20. Qxe6+ Qxe6 21. Rxe6
Nb4 22. h5 Nc2 23. Rb1 Na3 24. Ra1 Nc2 25. Rb1 Na3 1/2-1/2

[Event "PRO League Group Stage"]
[Site "chess.com INT"]
[Date "2019.03.14"]
[Round "10"]
[White "Yakubboev, Nodirbek"]
[Black "Sadhwani, Raunak"]
[Result "1/2-1/2"]
[WhiteTitle "IM"]
[BlackTitle "IM"]
[WhiteElo "2569"]
[BlackElo "2451"]
[WhiteTeam "Estonia Horses"]
[BlackTeam "Mumbai Movers"]
[WhiteFideId "14203987"]
[BlackFideId "35093487"]
[EventDate "2019.01.08"]

1. Nf3 d5 2. g3 Nc6 3. Bg2 e5 4. d3 Nf6 5. O-O Be7 6. a3 a5 7. Nc3 O-O 8. Bg5 d4
9. Nb5 Be6 10. a4 h6 11. Bd2 Nd7 12. e3 dxe3 13. Bxe3 Nb4 14. Re1 c6 15. Nc3 Qc7
16. d4 Bf5 17. Rc1 Rad8 18. Qe2 Bf6 19. dxe5 Nxe5 20. Nxe5 Qxe5 21. Bb6 Qxe2 22.
Rxe2 Ra8 23. Nd1 Rfe8 24. Rxe8+ Rxe8 25. Ne3 Bg6 26. Bxa5 Na6 27. b3 Bg5 28. Bd2
Rd8 29. Bc3 Re8 30. Bd4 Rd8 31. Bb6 Rd2 32. c3 Nb8 33. h4 Bf6 34. b4 Nd7 35. Bc7
Ra2 36. b5 Ne5 37. Bxe5 Bxe5 38. bxc6 bxc6 39. Bxc6 Bd6 40. Rd1 Bc5 41. Rd5 Bb6
42. Rb5 Ba7 43. a5 Kh7 44. h5 Bd3 45. Re5 Bb8 46. Re8 Ba7 47. Re7 Rxa5 48. Rxf7
Bxe3 49. fxe3 Rxh5 50. Rd7 Rc5 51. Rxd3 Rxc6 52. Kf2 Kg6 53. e4 Kf6 54. Ke3 h5
55. Kd2 g5 56. Rd5 Kg6 57. Kd3 h4 58. gxh4 gxh4 59. Ra5 h3 60. Ra2 Kg5 61. Kd4
Rh6 62. Rh2 Kf4 63. c4 Kg3 64. Rh1 Kg2 65. Rc1 h2 66. e5 Rh4+ 67. Kd5 Rf4 68. e6
Rf1 69. Rc2+ Rf2 70. Rc1 Rf1 71. Rc2+ Rf2 72. Rc1 Rf1 73. Rc2+ Rf2 1/2-1/2

[Event "PRO League Group Stage"]
[Site "chess.com INT"]
[Date "2019.03.14"]
[Round "10"]
[White "Raja, Harshit"]
[Black "Chukavin, Kirill"]
[Result "1-0"]
[WhiteTitle "IM"]
[BlackTitle "FM"]
[WhiteElo "2432"]
[BlackElo "2307"]
[WhiteTeam "Mumbai Movers"]
[BlackTeam "Estonia Horses"]
[WhiteFideId "5089000"]
[BlackFideId "4503023"]
[EventDate "2019.01.08"]

1. e4 c5 2. Nf3 e6 3. d4 cxd4 4. Nxd4 Nf6 5. Nc3 d6 6. g4 h6 7. h4 Nc6 8. Rg1 d5
9. exd5 Nxd5 10. Nxd5 Qxd5 11. Bg2 Qe5+ 12. Be3 Bd7 13. Nxc6 Bxc6 14. Bxc6+ bxc6
15. Qd4 Qxd4 16. Bxd4 c5 17. Bc3 Rd8 18. Rd1 Rd5 19. Ke2 Kd7 20. h5 f6 21. Ba5
Bd6 22. c4 Rxd1 23. Rxd1 Kc6 24. Bc3 Bc7 25. Ke3 Rd8 26. Rxd8 Bxd8 27. f4 Kd7
28. Ke4 Ke7 29. a3 a5 30. b3 Bc7 31. Bd2 Kf7 32. Be3 Bd6 33. Bc1 Bc7 34. Bd2 Bd8
35. f5 Ke7 36. Be3 Bb6 37. b4 axb4 38. axb4 Kd7 39. fxe6+ Kxe6 40. Bxc5 Bc7 41.
b5 Ba5 42. Bf8 Kf7 43. Bd6 g6 44. hxg6+ Kxg6 45. c5 h5 46. gxh5+ Kxh5 47. b6 1-0

[Event "PRO League Group Stage"]
[Site "chess.com INT"]
[Date "2019.03.14"]
[Round "10"]
[White "Ponkratov, Pavel"]
[Black "Oparin, Grigoriy"]
[Result "1/2-1/2"]
[WhiteTitle "GM"]
[BlackTitle "GM"]
[WhiteElo "2630"]
[BlackElo "2613"]
[WhiteTeam "Moscow Phoenix"]
[BlackTeam "Volga Stormbringers"]
[WhiteFideId "4157800"]
[BlackFideId "24125890"]
[EventDate "2019.01.08"]

1. c4 e6 2. d4 Nf6 3. Nc3 Bb4 4. Qd3 d5 5. a3 Be7 6. Nf3 Nbd7 7. g4 dxc4 8. Qxc4
c5 9. g5 Nb6 10. Qd3 Nh5 11. Bg2 O-O 12. O-O cxd4 13. Qxd4 Qxd4 14. Nxd4 Rd8 15.
Nb3 Nc4 16. Bf3 g6 17. Ne4 e5 18. Nbd2 Nxd2 19. Bxd2 Bf5 20. Rfd1 Rd4 21. Nc3
Rad8 22. Be3 Rxd1+ 23. Rxd1 Rxd1+ 24. Nxd1 b6 25. Nc3 Nf4 26. h4 h6 27. Nd5 Nxd5
28. Bxd5 hxg5 29. hxg5 Kf8 30. Kf1 Bd6 31. Bd2 Ke7 32. e4 Be6 33. Ke2 Bc5 34.
Bxe6 Kxe6 35. f3 a6 36. Kd3 b5 37. Bc1 Kd6 38. b3 Kc6 39. a4 Be7 40. Be3 Bd8 41.
Bd2 Kc5 42. axb5 Kxb5 43. Bc3 Bc7 44. Be1 Bb8 45. Bd2 Bd6 46. Bc3 a5 47. Be1 Bb4
48. Bg3 Bd6 49. Be1 1/2-1/2

[Event "PRO League Group Stage"]
[Site "chess.com INT"]
[Date "2019.03.14"]
[Round "10"]
[White "Frolyanov, Dmitry"]
[Black "Kryakvin, Dmitry"]
[Result "0-1"]
[WhiteTitle "GM"]
[BlackTitle "GM"]
[WhiteElo "2517"]
[BlackElo "2588"]
[WhiteTeam "Volga Stormbringers"]
[BlackTeam "Moscow Phoenix"]
[WhiteFideId "4151976"]
[BlackFideId "4153278"]
[EventDate "2019.01.08"]

1. Nf3 d5 2. g3 Bg4 3. Bg2 c6 4. O-O Nd7 5. d3 e6 6. c4 Ngf6 7. cxd5 exd5 8. Nc3
Bc5 9. h3 Bxf3 10. Bxf3 O-O 11. Rb1 Qe7 12. e4 dxe4 13. dxe4 Rad8 14. Qe2 Rfe8
15. Bg2 Bd4 16. Be3 Nc5 17. Rfd1 Bxc3 18. bxc3 Rxd1+ 19. Rxd1 Ncxe4 20. Bxa7
Nxc3 21. Qxe7 Rxe7 22. Rd8+ Re8 23. Rxe8+ Nxe8 24. a3 Nc7 25. Kf1 Na4 26. Be3
Nb5 27. Bc1 f6 28. Ke2 Kf7 29. Kd3 Ke6 30. Kc4 Kd7 31. h4 Nd6+ 32. Kb4 b5 33.
Bf4 c5+ 34. Ka5 Nc3 35. Kb6 c4 36. Kc5 Nce4+ 37. Kd5 f5 38. g4 Nc3+ 39. Kc5
Nde4+ 40. Kb4 Nd5+ 41. Kxb5 Nxf4 42. Bxe4 fxe4 43. Kxc4 Nd3 44. Kd4 Nxf2 45. g5
g6 46. Ke3 Nh1 47. Kxe4 Ng3+ 48. Ke5 Nh5 49. a4 Kc6 50. Ke6 Nf4+ 51. Kf6 Ng2 52.
Kg7 Nxh4 53. Kxh7 Kb6 54. Kg7 Ka5 55. Kf6 Kxa4 56. Ke5 Kb5 57. Kf4 Kc5 0-1

[Event "PRO League Group Stage"]
[Site "chess.com INT"]
[Date "2019.03.14"]
[Round "10"]
[White "Demidov, Mikhail"]
[Black "Bazeev, German"]
[Result "1-0"]
[WhiteTitle "IM"]
[WhiteElo "2520"]
[BlackElo "2423"]
[WhiteTeam "Moscow Phoenix"]
[BlackTeam "Volga Stormbringers"]
[WhiteFideId "4197143"]
[BlackFideId "24119350"]
[EventDate "2019.01.08"]

1. d4 Nf6 2. Nf3 g6 3. g3 Bg7 4. Bg2 O-O 5. O-O d6 6. b3 a5 7. Nc3 e5 8. dxe5
Ng4 9. Bg5 Qd7 10. Nd5 dxe5 11. h3 f6 12. hxg4 fxg5 13. Nxg5 e4 14. Nxe4 Na6 15.
g5 Qf5 16. Ne7+ 1-0

[Event "PRO League Group Stage"]
[Site "chess.com INT"]
[Date "2019.03.14"]
[Round "10"]
[White "Skatchkov, Valery"]
[Black "Kuznetsov, Mikhail V."]
[Result "0-1"]
[WhiteTitle "FM"]
[BlackTitle "FM"]
[WhiteElo "2279"]
[BlackElo "2292"]
[WhiteTeam "Volga Stormbringers"]
[BlackTeam "Moscow Phoenix"]
[WhiteFideId "24195812"]
[BlackFideId "4194900"]
[EventDate "2019.01.08"]

1. d4 Nf6 2. c4 e6 3. Nf3 d5 4. e3 c6 5. Nbd2 Nbd7 6. Bd3 Bd6 7. O-O O-O 8. e4
e5 9. cxd5 cxd5 10. Re1 Re8 11. exd5 exd4 12. Ne4 Nxe4 13. Bxe4 Nc5 14. Qxd4
Nxe4 15. Rxe4 Bf5 16. Rxe8+ Qxe8 17. Bd2 b6 18. Bc3 f6 19. Re1 Qb5 20. Qd2 Rd8
21. h3 Bf8 22. Qf4 Qxd5 23. a3 Bg6 24. Nh4 Re8 25. Nxg6 Rxe1+ 26. Bxe1 hxg6 27.
g3 a5 28. Bc3 Bc5 29. h4 Kh7 30. Kh2 a4 31. Kg1 b5 32. Kh2 Qd3 33. Kg2 Bxa3 34.
Qc7 Bd6 35. Qd7 Qe4+ 36. Kg1 Be5 37. Qxb5 Bxc3 38. bxc3 a3 39. Qb3 Qa8 40. Qa2
Qa5 41. c4 Qc3 42. c5 Qb2 43. Qf7 a2 44. h5 a1=Q+ 45. Kg2 Qbb1 46. hxg6+ Qxg6 0-1

[Event "PRO League Group Stage"]
[Site "chess.com INT"]
[Date "2019.03.14"]
[Round "10"]
[White "Vaibhav, Suri"]
[Black "Pantsulaia, Levan"]
[Result "1-0"]
[WhiteTitle "GM"]
[BlackTitle "GM"]
[WhiteElo "2590"]
[BlackElo "2597"]
[WhiteTeam "Delhi Dynamite"]
[BlackTeam "Tbilisi Gentlemen"]
[WhiteFideId "5045185"]
[BlackFideId "13602071"]
[EventDate "2019.01.08"]

1. e4 c6 2. Nf3 d5 3. exd5 cxd5 4. Ne5 Nc6 5. d4 Nf6 6. Bb5 Bd7 7. Nxd7 Qxd7 8.
c3 e6 9. O-O Bd6 10. Re1 O-O 11. Nd2 a6 12. Bd3 e5 13. dxe5 Nxe5 14. Nf3 Nxd3
15. Qxd3 h6 16. h3 Rfe8 17. Be3 Bc7 18. Rad1 Rad8 19. Nd2 Re6 20. Bd4 Rde8 21.
Rxe6 Rxe6 22. Bxf6 Rxf6 23. Nf3 Rg6 24. Kf1 Qa4 25. a3 Qb3 26. Rd2 Qa2 27. g3
Rb6 28. Qf5 Qc4+ 29. Kg2 g6 30. Qd7 Qc6 31. Qc8+ Kg7 32. Nd4 Qd6 33. Re2 Qd8 34.
Qg4 Rf6 35. Rd2 h5 36. Qh4 Bb6 37. Nf3 d4 38. Qe4 Re6 39. Qxb7 d3 40. Qxa6 Rd6
41. Qc4 Qd7 42. Qe4 h4 43. Qxh4 Qc6 44. Qg4 Bd8 45. Kh2 Bf6 46. Qf4 Qd5 47. h4
Re6 48. Nd4 Re4 49. Qf3 Rxd4 50. Kg2 Qxf3+ 51. Kxf3 Rd7 52. Ke4 Rb7 53. Kxd3 Kf8
54. b4 Rd7+ 55. Kc2 Rc7 56. Rd3 Ke7 57. Kb3 Be5 58. a4 Bd6 59. a5 Kd7 60. c4 Rc8
61. c5 1-0

[Event "PRO League Group Stage"]
[Site "chess.com INT"]
[Date "2019.03.14"]
[Round "10"]
[White "Paichadze, Luka"]
[Black "Nihal, Sarin"]
[Result "1/2-1/2"]
[WhiteTitle "GM"]
[BlackTitle "GM"]
[WhiteElo "2583"]
[BlackElo "2578"]
[WhiteTeam "Tbilisi Gentlemen"]
[BlackTeam "Delhi Dynamite"]
[WhiteFideId "13602934"]
[BlackFideId "25092340"]
[EventDate "2019.01.08"]

1. e4 e5 2. Nc3 Nc6 3. Bc4 Bc5 4. d3 d6 5. Nge2 Nf6 6. O-O O-O 7. Na4 Na5 8.
Nxc5 dxc5 9. Nc3 Nxc4 10. dxc4 h6 11. Be3 b6 12. Qf3 c6 13. Qg3 Qd6 14. Rad1 Qe6
15. Rd2 Nh5 16. Qh4 Qg4 17. Qe7 Be6 18. f3 Qg6 19. b3 Rfc8 20. Rfd1 Qf6 21. Qb7
Nf4 22. Ne2 Nxe2+ 23. Rxe2 Kf8 24. Red2 Qe7 25. Qa6 Qc7 26. h3 Ke8 27. Rd6 Rd8
28. R6d3 f6 29. Kf2 Rxd3 30. Rxd3 Rd8 31. Qa3 a5 32. Qc1 Rxd3 33. cxd3 Qd6 34.
Ke2 Kd7 35. Qe1 Qe7 36. g4 g5 37. h4 Kc7 38. hxg5 hxg5 39. Qh1 Bc8 40. Qh8 Qf7
41. Bd2 Qe7 42. a3 Kb7 43. Bc3 Kc7 44. Qh1 Bd7 45. Ke3 Be6 46. Qe1 Kb7 47. b4
cxb4 48. axb4 axb4 49. Bxb4 c5 50. Ba3 Qd6 51. Qb1 Bd7 52. Ke2 Ba4 53. Bc1 Bd7
54. Be3 Bc8 55. Qh1 Bd7 56. Qh7 Kc7 57. Qg7 Qe6 58. Qf8 Qd6 59. Qa8 Bc6 60. Qa7+
Bb7 61. Bf2 Qd7 62. Be1 Qd8 63. Qa4 Bc6 64. Qa7+ Bb7 65. Qa1 Qa8 66. Qb1 Qa4 67.
Bd2 Bc6 68. Qh1 Bd7 69. Qh8 Qc6 70. Bxg5 fxg5 71. Qxe5+ Qd6 72. Qxg5 Qh2+ 73.
Ke3 Qg1+ 74. Ke2 Qg2+ 75. Ke3 Qg1+ 76. Ke2 Ba4 77. Qf4+ Kb7 78. g5 Bd1+ 79. Kd2
Qf1 80. Qe3 Bxf3 81. g6 Qg2+ 82. Kc3 Bh5 83. e5 Qxg6 84. Qh3 Bg4 85. Qh8 Be6 86.
Qd8 Qf7 87. Qd6 Qd7 88. Qf8 Qd4+ 89. Kc2 Qxe5 90. Qe7+ Ka6 91. Qe8 Qh2+ 92. Kb3
Qc7 93. Qxe6 Ka7 94. Qe8 Qd6 95. Qf7+ Ka6 96. Qf3 Ka7 97. Qe4 Qd7 98. Kc3 Kb8
99. Qe5+ Kb7 100. Qe4+ Qc6 101. Qe7+ Qc7 102. Qe4+ Qc6 103. Qe7+ Qc7 104. Qe4+
Qc6 105. Qe7+ Qc7 106. Qe4+ 1/2-1/2